000 00506nam a2200169 a 4500
001 000038244
005 20201002031216.0
008 130405s1965 mx 000 0 spa d
040 _aDO-SdBNP
_bspa
_cBNPHU
100 1 _aAlatriste, Sealtiel
_964613
245 1 0 _aTécnica de los costos /
_cSealtiel Alatriste.
250 _a28a ed.
260 _aMéxico :
_bEditorial Porrua,
_c1965.
300 _a442 p. ;
_c22 cm.
500 _aIncluye notas al pie de las páginas
504 _aBibliografía : p. 435-436
999 _c37734
_d37734